00000000cam 2200000zi 4500
0019.963060
003CaOODSP
00520260601172809
006m     o  d f      
007cr mn|||||||||
008260526s1950    onc     o    f000 0 eng d
040 |aCaOODSP|beng|erda|cCaOODSP
043 |an-cn-ns
0861 |aFs52-3/428E-PDF
1001 |aHuntsman, A. G. |q(Archibald Gowanlock), |d1883-1973 |eauthor.
24510|aFish (salmon) management / |cauthor Huntsman, A.G.
24616|aFish (salmon) management volume XLV
24616|aFish (salmon) management 1950
250 |aVolume XLV.
264 1|a[Ottawa] : |bFisheries Research Board of Canada, |c1950.
300 |a1 online resource (iii, 52 pages).
336 |atext|btxt|2rdacontent
337 |acomputer|bc|2rdamedia
338 |aonline resource|bcr|2rdacarrier
4901 |aManuscript reports of the biological stations ; |vno. 428
500 |aCover title.
500 |aDigitized edition from print [produced by Department of Fisheries and Oceans].
520 |a"To determine to what extent salmon are used by being captured instead of dying, we must depend upon the release of fish with tags that remain attached until the fish are captured"--Page [i].
650 0|aSalmon|xMarking|zNova Scotia.
650 0|aFish tagging|zNova Scotia.
650 6|aSaumons|xMarquage|zNouvelle-Écosse.
650 6|aPoissons|xMarquage|zNouvelle-Écosse.
7102 |aFisheries Research Board of Canada, |eissuing body.
830#0|aManuscript reports of the biological stations ;|vno. 428.|w(CaOODSP)9.899091
85640|qPDF|s6.66 MB|uhttps://publications.gc.ca/collections/collection_2026/mpo-dfo/fs52-3/Fs52-3-428-eng.pdf